| 000 | 00702nam a22002177a 4500 | ||
|---|---|---|---|
| 999 |
_c18466 _d18466 |
||
| 003 | AR-CdUCM | ||
| 008 | 190405b ||||| |||| 00| 0 spa d | ||
| 040 |
_aMUNICIPALIDAD PROVINCIAL DEL CUSCO _cBIBLIOTECA MUNICIPAL DEL CUSCO |
||
| 082 |
_a301 / _bW28 / 1932 _23ed. |
||
| 100 |
_aWard, Lester F. _929301 |
||
| 245 | _aCompendio de sociología / | ||
| 260 |
_aMadrid : _bLibreria española y extranjera, _c1929. |
||
| 300 |
_a382 paginas ; _c19 cm. |
||
| 505 | _aContenido :Filosofía social --Ciencia Social / | ||
| 650 |
_aFilosofia _9395 |
||
| 650 |
_aCiencia _92098 |
||
| 650 |
_aSocial _92020 |
||
| 700 |
_aAdolfo Posada (traductor) _929303 |
||
| 942 |
_2ddc _cLIBROS |
||
| 945 |
_apjha _d2019-05-14 |
||